Sankcie za oneskorené podanie daňových priznaní, neplatenie dane a za nepoužívanie registračných pokladníc
Objasnenie pojmov pokuta, penále, zvýšenie dane. Pokuty za nesplnenie povinnosti nepeňažnej povahy. Pokuta v blokovom konaní. Zvýšenie dane. Penále za nezaplatenie dane včas, resp. v správnej výške. Penále za nezaplatenie preddavkov na daň včas, resp. v správnej výške. Pokuty v prípade registračných...
Guardado en:
| Autor principal: | |
|---|---|
| Formato: | Capítulo de libro |
| Lenguaje: | eslovaco |
| Materias: | |
| Etiquetas: |
Sin Etiquetas, Sea el primero en etiquetar este registro!
|
MARC
| LEADER | 00000naa a2200000 4500 | ||
|---|---|---|---|
| 001 | r046593 | ||
| 005 | 20230927070550.6 | ||
| 041 | 0 | |a slo | |
| 044 | |a SK | ||
| 245 | 1 | 0 | |a Sankcie za oneskorené podanie daňových priznaní, neplatenie dane a za nepoužívanie registračných pokladníc |c Dagmar Piršelová |
| 520 | |a Objasnenie pojmov pokuta, penále, zvýšenie dane. Pokuty za nesplnenie povinnosti nepeňažnej povahy. Pokuta v blokovom konaní. Zvýšenie dane. Penále za nezaplatenie dane včas, resp. v správnej výške. Penále za nezaplatenie preddavkov na daň včas, resp. v správnej výške. Pokuty v prípade registračných pokladníc. | ||
| 610 | 2 | 0 | |a priznania daňové |
| 610 | 2 | 0 | |a sankcie |
| 610 | 2 | 0 | |a pokuty |
| 610 | 2 | 0 | |a penále |
| 610 | 2 | 0 | |a pojmy |
| 610 | 2 | 0 | |a správa daňová |
| 610 | 2 | 0 | |a pokladnice registračné |
| 100 | 1 | |a Piršelová, Dagmar | |